| 000 | 00793nam a2200253Ia 4500 | ||
|---|---|---|---|
| 999 |
_c55505 _d55505 |
||
| 001 | 22587 | ||
| 003 | GE_BSU | ||
| 005 | 20230330145405.0 | ||
| 008 | 181216s ||||-ge|||||||||||||| ||fre|| | ||
| 020 | _a9783193019029 | ||
| 040 | _cGE_BSU | ||
| 080 | _a811.112.1 H-24 | ||
| 100 |
_aHabersack, Charlotte _917371 |
||
| 245 |
_aMENSCHEN A2.1 : _bDEUTSCH ALS FREMDSPRACHE KURSBUCH / _cCharlotte Habersack, Angela Pude, Franz Specht. |
||
| 264 |
_aMunchen : _bHueber Verlag, _c201. |
||
| 300 |
_a100 p. : _bill ; _c29 см. _e+1DVD-Rom A2.1 |
||
| 541 | _h42gel. | ||
| 653 | _aMENSCHEN A2.1 | ||
| 653 | _aDEUTSCH ALS FREMDSPRACHE KURSBUCH | ||
| 653 | _aგერმანული ენა | ||
| 700 |
_aPude, Angela _eby _917377 |
||
| 700 |
_aSpecht, Franz _eby _917378 |
||
| 942 |
_cBK _2udc |
||